Some cost-benefit issues in financial regulation
Guardado en:
| Autor principal: | |
|---|---|
| Otros Autores: | , |
| Formato: | Libro |
| Lenguaje: | inglés |
| Publicado: |
London
Financial Services Authority
2000
|
| Colección: | Occasional Paper Series
FSA Occasional Paper 12 |
| Materias: | |
| Etiquetas: |
Sin Etiquetas, Sea el primero en etiquetar este registro!
|
MARC
| LEADER | 00000nam a2200000 4500 | ||
|---|---|---|---|
| 001 | c124346 | ||
| 005 | 20230228085202.1 | ||
| 020 | |a 0-1170405-2-5 | ||
| 041 | 0 | |a eng | |
| 044 | |a GB | ||
| 245 | 1 | 0 | |a Some cost-benefit issues in financial regulation |c David Simpson, Geoff Meeks, Paul Klumpes |
| 264 | 1 | |a London |b Financial Services Authority |c 2000 | |
| 300 | |a 54 s. | ||
| 490 | 1 | |a Occasional Paper Series |v FSA Occasional Paper 12 | |
| 830 | 0 | |a Occasional Paper Series |v FSA Occasional Paper 12 | |
| 610 | 2 | 0 | |a financie |
| 610 | 2 | 0 | |a politika finančná |
| 610 | 2 | 0 | |a regulácia |
| 610 | 2 | 0 | |a náklady |
| 610 | 2 | 0 | |a zisk |
| 100 | 1 | |a Simpson, David | |
| 700 | 1 | |a Meeks, Geoff | |
| 700 | 1 | |a Klumpes, Paul | |